Konec jistoty celoživotního zaměstnání

Japonská hospodárska kríza a nezamestnanosť. Miera nezamestnanosti hospodársky činného obyvateľstva. Štruktúra nezamestnanosti v Japonsku.

Na minha lista:
Detalhes bibliográficos
Autor principal: Provazník, Dušan
Formato: Capítulo de Livro
Idioma:tcheco
Assuntos:
Tags: Adicionar Tag
Sem tags, seja o primeiro a adicionar uma tag!

MARC

LEADER 00000naa a2200000 4500
001 r034065
005 20230920095732.6
041 0 |a cze 
044 |a CZ 
245 1 0 |a Konec jistoty celoživotního zaměstnání  |c Dušan Provazník 
520 |a Japonská hospodárska kríza a nezamestnanosť. Miera nezamestnanosti hospodársky činného obyvateľstva. Štruktúra nezamestnanosti v Japonsku. 
610 2 0 |a nezamestnanosť 
610 2 0 |a Japonsko 
610 2 0 |a zamestnanci 
610 2 0 |a zamestnávatelia 
610 2 0 |a kríza hospodárska 
610 2 0 |a obyvateľstvo aktívne 
610 2 0 |a štruktúra obyvateľstva ekonomická 
100 1 |a Provazník, Dušan